1651 1281 1800 1281 1655 1035 1844 1932 1457 1288 1590 1257 1810 1587 1207 1154 1760 1871 1674 1285 1082 1782 1865 1978 1537 1745 1542 1410 1427 1827 1982 1493 1417 1299 1515 1420 1906 1523 1915 1093 1766 1580 1839 1659 1988 1901 1466 1709 1756 1974 1594 1868 1595 1270 1892 1963 1200 1966 1533 1305 1109 1489 1599 1459 1206 1626 1826 1300 1885 1932 1934 1435 1437 1173 1025 1491 1685 1711 1177 1638 1601 1184 1757 1849 1054 1418 1674 1122 1254 1080 1775 1414 1551 1742 1293 1111 1642 1322 1780 BCNSPRNW ULIB Ver.6.0+V

เปลี่ยนเป็นภาษาไทย

Change to English
 แสดงรายละเอียดบรรณานุกรม
  กลับหน้าหลัก

Brief Record : Get Marc (ISO 2709) : E-mail record : QR code < ปิดหน้าต่าง
LEADER : 00000nam 2200000uu 4500
001    13399113579
003     ULIB
008    110627s2552||||th 000 0 tha d
020    9786167081137
090    นว.^bก217ล 2552
100 0  กระต่ายหมายจันทร์
245 00 เล่ห์รักวิวาห์ชุลมุน/^cกระต่ายหมายจันทร์
250    พิมพ์ครั้งที่ 1
260    กรุงเทพฯ :^bสมาร์ทบุ๊ค,^c2552
300    376 หน้า
710 1  สมาร์ทบุ๊ค
945    ^p240^l0^i028721
995    ทศพร
999 ^a ใช้งานได้ทุกระบบ
รายการนี้ยังไม่มีแท็ก
คุณยังไม่ได้ล็อกอิน คุณสามารถมีกิจกรรมร่วมกับเว็บไซต์ได้ แต่ต้องล็อกอินก่อน ::
  ล็อกอิน

รายการสื่อสารสนเทศ

ลำดับที่ ประเภท เลขเรียก/บาร์โค้ด สถานที่ สถานะ
1. นวนิยาย
นวนิยาย
นว. ก217ล 2552 ฉ.1 
  Barcode: 028721
ห้องสมุดวิทยาเขตสวรรค์ประชารักษ์
►นวนิยาย
บนชั้น
  ขอยืม

รายการใกล้เคียง
    ผู้แต่ง [กระต่ายหมายจันทร์]

BibComment


ยังไม่เคยถูกคอมเมนท์

คอมเมนท์ทรัพยากรรายการนี้
  คอมเมนท์: เล่ห์รักวิวาห์ชุล..


 Copyright 2026. Bcnsprnw @Library